Giáo chủ trong điện Kremlin
Gorde:
| Egile nagusia: | |
|---|---|
| Formatua: | Liburua |
| Hizkuntza: | Undetermined |
| Argitaratua: |
Hà Nội
CAND
2000
|
| Gaiak: | |
| Etiketak: |
Etiketa erantsi
Etiketarik gabe, Izan zaitez lehena erregistro honi etiketa jartzen!
|
| Thư viện lưu trữ: | Trung tâm Học liệu Trường Đại học Cần Thơ |
|---|
| LEADER | 00479nam a2200169Ia 4500 | ||
|---|---|---|---|
| 001 | CTU_39577 | ||
| 008 | 210402s9999 xx 000 0 und d | ||
| 082 | |a 813.5 | ||
| 082 | |b C587 | ||
| 100 | |a Tom Clancy | ||
| 245 | 0 | |a Giáo chủ trong điện Kremlin | |
| 245 | 0 | |c Tom Clancy, Anh Thư | |
| 260 | |a Hà Nội | ||
| 260 | |b CAND | ||
| 260 | |c 2000 | ||
| 650 | |a american fiction - 20th century ( vietnamese ) | ||
| 980 | |a Trung tâm Học liệu Trường Đại học Cần Thơ | ||